<?xml version="1.0" encoding="UTF-8"?>
<collection xmlns="http://www.loc.gov/MARC21/slim">
    <record>
        <controlfield tag="001">76691</controlfield>
        <controlfield tag="005">20190115134153.0</controlfield>
        <datafield tag="037" ind1=" " ind2=" ">
            <subfield code="a">TAZ-TFG-2018-3317</subfield>
        </datafield>
        <datafield tag="041" ind1=" " ind2=" ">
            <subfield code="a">spa</subfield>
        </datafield>
        <datafield tag="100" ind1="1" ind2=" ">
            <subfield code="a">SAGARRA GUARDIOLA, ANA</subfield>
        </datafield>
        <datafield tag="242" ind1="0" ind2="0">
            <subfield code="a">THE MILITARY QUINTAS OF THE 19TH CENTURY IN SPAIN: THE SENTENCE OF THE POOR.</subfield>
        </datafield>
        <datafield tag="245" ind1="0" ind2="0">
            <subfield code="a">LAS QUINTAS MILITARES EN LA ESPAÑA DEL SIGLO XIX: LA CONDENA DE LOS POBRES</subfield>
        </datafield>
        <datafield tag="260" ind1=" " ind2=" ">
            <subfield code="a">Zaragoza</subfield>
            <subfield code="b">Universidad de Zaragoza</subfield>
            <subfield code="c">2018</subfield>
        </datafield>
        <datafield tag="506" ind1=" " ind2=" ">
            <subfield code="a">by-nc-sa</subfield>
            <subfield code="b">Creative Commons</subfield>
            <subfield code="c">3.0</subfield>
            <subfield code="u">http://creativecommons.org/licenses/by-nc-sa/3.0/</subfield>
        </datafield>
        <datafield tag="520" ind1=" " ind2=" ">
            <subfield code="a">El siglo XIX español es un periodo marcado por cambios y transformaciones tanto políticas como sociales, un periodo de guerras y, un periodo en el que el ejército formó parte de la vida pública en todos los aspectos. De gran transcendencia fue la cuestión del reemplazo, dado que nutrir a los ejércitos era un problema por la falta de voluntarios y el cambio de percepción del oficio militar. Las quintas fueron la solución; un sistema forzoso e injusto, y odiado, sobre todo, por las clases medias y bajas, que no podían optar a las formas legales para evitar el servicio. Estas formas legales, redención en metálico y sustitución, concebidas como un impuesto injusto, desembocaban en formas no ortodoxas para eludir el servicio por parte de aquellos más pobres, en un negocio muy rentable para muchos particulares, incluido el propio Estado, y en protestas sociales que manifestaban lo poco aceptadas que eran las quintas. Así pues, las quintas escondían todo un entramado político y social que acababa afectando a toda la sociedad de una forma o de otra, siendo los más perjudicados los pobres.  Palabras clave: quinta, reclutamiento militar, siglo XIX, ejército, legislación,  protesta,  servicio militar.</subfield>
        </datafield>
        <datafield tag="521" ind1=" " ind2=" ">
            <subfield code="a">Graduado en Historia</subfield>
        </datafield>
        <datafield tag="540" ind1=" " ind2=" ">
            <subfield code="a">Derechos regulados por licencia Creative Commons</subfield>
        </datafield>
        <datafield tag="700" ind1=" " ind2=" ">
            <subfield code="a">FRÍAS CORREDOR, CARMEN</subfield>
            <subfield code="e">dir.</subfield>
        </datafield>
        <datafield tag="710" ind1="2" ind2=" ">
            <subfield code="a">Universidad de Zaragoza</subfield>
            <subfield code="b">Historia Moderna y Contemporánea</subfield>
            <subfield code="c">Historia Contemporánea</subfield>
        </datafield>
        <datafield tag="856" ind1="0" ind2=" ">
            <subfield code="f">651108@celes.unizar.es</subfield>
        </datafield>
        <datafield tag="856" ind1="4" ind2=" ">
            <subfield code="s">709924</subfield>
            <subfield code="u">http://zaguan.unizar.es/record/76691/files/TAZ-TFG-2018-3317.pdf</subfield>
            <subfield code="y">Memoria (spa)</subfield>
        </datafield>
        <datafield tag="909" ind1="C" ind2="O">
            <subfield code="o">oai:zaguan.unizar.es:76691</subfield>
            <subfield code="p">driver</subfield>
            <subfield code="p">trabajos-fin-grado</subfield>
        </datafield>
        <datafield tag="950" ind1=" " ind2=" ">
            <subfield code="a"></subfield>
        </datafield>
        <datafield tag="951" ind1=" " ind2=" ">
            <subfield code="a">deposita:2019-01-15</subfield>
        </datafield>
        <datafield tag="980" ind1=" " ind2=" ">
            <subfield code="a">TAZ</subfield>
            <subfield code="b">TFG</subfield>
            <subfield code="c">FFYL</subfield>
        </datafield>
        <datafield tag="999" ind1=" " ind2=" ">
            <subfield code="a">20180917000749.CREATION_DATE</subfield>
        </datafield>
    </record>

    
</collection>